Normal view
MARC view
- Overhead electric lines.
Entry Topical Term
001 - CONTROL NUMBER
- control field: 21225
003 - CONTROL NUMBER IDENTIFIER
- control field: NUST
005 - DATE AND TIME OF LATEST TRANSACTION
- control field: 20190924131641.0
008 - FIXED-LENGTH DATA ELEMENTS
- fixed length control field: 190924|| aca||aabn | a|a d
040 ## - CATALOGING SOURCE
- Original cataloging agency: NUST
- Transcribing agency: NUST
150 ## - HEADING--TOPICAL TERM
- Topical term or geographic name entry element: Overhead electric lines.
670 ## - SOURCE DATA FOUND
- Source citation: Work cat.: (NUST)0: National Research Council (U.S.). Transportation Research Board. 19676, Policies for accommodation of utilities on highway rights-of-way., 1976.
